000 00390nam a2200169Ia 4500
003 0STCL
008 150530s9999 xx 000 0 und d
040 _aSTCL
_cSTCL
100 _aPylee, M.V.
245 _aIndian Bharanaghatana
250 _aFirst
260 _bState Institute of Language
_c1975
546 _aEnglish
942 _2ddc
_cBK
999 _c14749
_d14749
005 20220125165718.0